| 000 | 01318pam a2200361 a 4500 | ||
|---|---|---|---|
| 001 | 6597 | ||
| 003 | FISKH | ||
| 005 | 20250526155452.0 | ||
| 008 | 960325s1996 nyua b 000 0 eng | ||
| 010 | _a 96014191 | ||
| 020 | _a0525454861 (hc) | ||
| 040 |
_aDLC _cDLC _dDLC _beng |
||
| 050 | _aQL49 .P2535 | ||
| 082 | _a591 | ||
| 100 | 1 | _aPandell, Karen. | |
| 245 | 1 | 0 |
_aAnimal action ABC / _cby Karen Pandell ; wildlife photography by Art Wolfe ; child photography by Nancy Sheehan. |
| 250 | _aFirst Scholastic printing, September 1998 | ||
| 260 |
_aNew York : _bSchoalstic, _c1996. |
||
| 300 |
_a36 unnumbered pages : _bcolor illustraions ; _c26 cm |
||
| 505 | _aNP | ||
| 520 | _aPhotographs of animals and children in similar poses accompany rhyming verses beginning with each letter of the alphabet that describe movements of a wide range of animals. | ||
| 521 | 8 |
_aNP
_bLexile |
|
| 650 | 0 |
_aAnimals _xJuvenile literature. |
|
| 650 | 0 |
_aAnimal mechanics _xJuvenile literature. |
|
| 650 | 0 |
_aEnglish language _xAlphabet _xJuvenile literature. |
|
| 650 | 1 |
_aAnimals _xMiscellanea. |
|
| 650 | 1 | _aAlphabet. | |
| 700 | 1 |
_aWolfe, Art, _eillustrator |
|
| 700 | 1 |
_aSheehan, Nancy, _eillustrator |
|
| 906 |
_a7 _bcbc _corignew _d1 _eocip _f19 _gy-gencatlg |
||
| 942 |
_2ddc _cBK _n0 |
||
| 999 |
_c6597 _d6597 |
||